000 01128nam a22001937a 4500
003 JO-AjAnu
005 20240918113905.0
008 240918b jo ||||| |||| 00| 0 ara d
040 _aJO-AjAnu
_cJO-AjAnu
041 _aara
100 1 _aبني بكر، نسية موسى مصطفى
_966214
_eمعد
245 1 _aمستوى الانتباة الانتقائي وعلاقتة بالذاكرة العاملة لدى الطلبة ذوي صعوبات التعلم = The Level of Selective Attention and its Relationship to Working Memory among the Students with Learning Disabilities /
_cاعداد نسيبة موسى مصطفى بني بكر، إشراف فيصل النواصرة
260 _c2024
300 _a112 ورقة
500 _aرسالة جامعية (ماجستير) .- جامعة عجلون الوطنية (عجلون، الأردن)، كلية العلوم التربوية ، تخصص صعوبات التعلم ، 2024
650 7 0 _aالتربية الخاصة - صعوبات التعلم - الانتباة
_966215
700 1 _aالنواصرة، فيصل
_966216
_eمشرف
942 _2lcc
_cTHS
_n0
999 _c33688
_d33688